Bug Pack - Statistics

General Stats
  • This quiz has been taken 4 times
  • The average score is 8 of 9
Answer Stats
Picture Hint Answer % Correct
Uncommon - 19.625% Ant
100%
Rare - 9% Bee
100%
Legendary - 0.5% Butterfly
100%
Uncommon - 19.625% Fly
100%
Rare - 9% Worm
100%
Uncommon - 19.625% Ladybug
75%
Epic - 2.97% Mantis
75%
Chroma - 0.03% Blue Butterfly
50%
Uncommon - 19.625% Rhino Beetle
50%
No matching quizzes found
Score Distribution
Percent of People with Each Score
Percentile by Number Answered
Your Score History
You have not taken this quiz